Composición social dominicana : (Registro nro. 15667)

Detalles MARC
000 -CABECERA
campo de control de longitud fija 02430nam a2200337 a 4500
001 - NÚMERO DE CONTROL
campo de control 000000127
003 - IDENTIFICADOR DEL NÚMERO DE CONTROL
campo de control DO-SdBPM
005 - FECHA Y HORA DE LA ÚLTIMA TRANSACCIÓN
campo de control 20260206113936.0
007 - CAMPO FIJO DE DESCRIPCIÓN FÍSICA--INFORMACIÓN GENERAL
campo de control de longitud fija ta
008 - DATOS DE LONGITUD FIJA--INFORMACIÓN GENERAL
campo de control de longitud fija 081126s2005 dr a 001 0 spa d
020 ## - NÚMERO INTERNACIONAL ESTÁNDAR DEL LIBRO
Número Internacional Estándar del Libro 9945406108
020 ## - NÚMERO INTERNACIONAL ESTÁNDAR DEL LIBRO
Número Internacional Estándar del Libro 9789945406108
040 ## - FUENTE DE LA CATALOGACIÓN
Centro catalogador/agencia de origen DO-SdBPM
Lengua de catalogación spa
Centro/agencia transcriptor BPMSU
Centro/agencia modificador rda
082 #4 - NÚMERO DE LA CLASIFICACIÓN DECIMAL DEWEY
Número de clasificación 305.57293
Número de documento/Ítem B742c, 2005
Número de edición 22
100 1# - ENTRADA PRINCIPAL--NOMBRE DE PERSONA
Nombre de persona Bosch, Juan,
Fechas asociadas al nombre 1909-2001
Término indicativo de función/relación autor
Código de función/relación aut.
9 (RLIN) 1
245 10 - MENCIÓN DE TÍTULO
Título Composición social dominicana :
Resto del título historia e interpretación /
Mención de responsabilidad, etc. Juan Bosch ; edición Diómedes Núñez Polanco.
250 ## - MENCIÓN DE EDICIÓN
Mención de edición 22a ed.
264 ## - PRODUCCIÓN, PUBLICACIÓN, DISTRIBUCIÓN, FABRICACIÓN Y COPYRIGHT
Producción, publicación, distribución, fabricación y copyright Santo Domingo :
Nombre del de productor, editor, distribuidor, fabricante Alfa & Omega,
Fecha de producción, publicación, distribución, fabricación o copyright 2005.
300 ## - DESCRIPCIÓN FÍSICA
Extensión 418 páginas :
Otras características físicas ilustraciones ;
Dimensiones 24 cm.
336 ## - TIPO DE CONTENIDO
Término de tipo de contenido texto
Código de tipo de contenido txt
Fuente rdacontent
337 ## - TIPO DE MEDIO
Nombre/término del tipo de medio sin mediación
Código del tipo de medio n
Fuente rdamedia
338 ## - TIPO DE SOPORTE
Nombre/término del tipo de soporte volumen
Código del tipo de soporte nc
Fuente rdacarrier
505 0# - NOTA DE CONTENIDO CON FORMATO
Nota de contenido con formato Un preámbulo necesario -- Origen de las clases sociales en Santo Domingo -- Aparición y declinación de una oligarquía del azúcar -- De los ingenios a los hatos -- El desarrollo de la sociedad hatera -- La curiosa sociedad de los bucaneros -- La colonia francesa de Saint-Domingue -- El siglo de la miseria -- De la inamovilidad del siglo XVII al dinamismo del siglo XVIII -- Medio siglo de relativo desarrollo -- Santo Domingo en el panorama del Caribe -- La revolución haitiana -- El caso de las emigraciones -- El gobierno de los hateros y la sociedad de los cosecheros de tabaco -- Las causas de la invasión haitiana en 1822 -- La pequeña burguesía en la historia dominicana -- La pequeña burguesía contra el poder de los hateros -- 1857-1861. Luchas en el seno de la pequeña burguesía -- La restauración, obra de la pequeña burguesía -- El largo reinado de la pequeña burguesía en la vida política nacional -- La composición social y los partidos políticos de la época -- El gobierno de los azules o el camino hacia la sociedad burguesa -- De la muerte de Heureaux a la muerte de Cáceres -- El imperialismo en acción -- La composición social hasta 1930 -- Trujillo, o el paso de la pequeña burguesía a la burguesía -- La composición social a la muerte de Trujillo.
590 ## - NOTA LOCAL (RLIN)
Nota local Inventariado, 2026/VM
650 #7 - PUNTO DE ACCESO ADICIONAL DE MATERIA--TÉRMINO DE MATERIA
Término de materia o nombre geográfico como elemento de entrada Clases sociales
Subdivisión geográfica República Dominicana
Subdivisión general Historia
650 #7 - PUNTO DE ACCESO ADICIONAL DE MATERIA--TÉRMINO DE MATERIA
Término de materia o nombre geográfico como elemento de entrada Sociología
Subdivisión general Historia
651 #7 - PUNTO DE ACCESO ADICIONAL DE MATERIA--NOMBRE GEOGRÁFICO
Nombre geográfico República Dominicana
Subdivisión general Condiciones sociales
700 1# - PUNTO DE ACCESO ADICIONAL--NOMBRE DE PERSONA
Nombre de persona Nuñez Polanco, Diómedes
Fechas asociadas al nombre 1952-
Término indicativo de función/relación editor
910 ## - DATOS DE OPCIÓN DEL USUARIO (OCLC)
Datos de opción del usuario VMateo V. Control de calidad. BPMSU
942 ## - ELEMENTOS DE PUNTO DE ACCESO ADICIONAL (KOHA)
Fuente del sistema de clasificación o colocación Dewey Decimal Classification
Tipo de ítem Koha Libros
Existencias
Estado de retiro Estado de pérdida Fuente del sistema de clasificación o colocación No para préstamo Código de colección Localización permanente Ubicación/localización actual Fecha de adquisición Total de préstamos Signatura topográfica completa Código de barras Fecha visto por última vez Precio válido a partir de Tipo de ítem Koha
    Dewey Decimal Classification   Colección Dominicana Biblioteca Pública Metropolitana Salomé Ureña Biblioteca Pública Metropolitana Salomé Ureña 02/06/2026   BPMSU CD 305.57293 B742c, 2005 BPMSU26020041 02/06/2026 02/06/2026 Libros